Escenas montañesas; selección /

Guardado en:
Autor Principal: Pereda, José María de
Formato: Libro
Publicado: Buenos Aires : Kapelusz, 1957
Edición:2a. ed.
Materias:
Etiquetas: Agregar Etiqueta
Sin Etiquetas, Sea el primero en etiquetar este registro!
LEADER 00707nam a22002175a 4500
001 CEM.cems004987
005 20060217000000.0
008 130507s1957##################000#0#####d
003 CEMS
082 0 4 |a 863.5 
100 1 |a Pereda, José María de 
245 1 0 |a Escenas montañesas; selección / 
250 |a 2a. ed. 
260 |a Buenos Aires :  |b Kapelusz,  |c 1957 
300 |a 111 p. 
653 |a Literatura 
653 |a Literatura regionalista españo 
653 |a Novela española-siglo 19 
859 |a CEMS  |b BIB. CEMS - 11 de abril  |h 863.5  |i P414a2  |p 10175.81  |t Ej.1 
859 |a CEMS  |b BIB. CEMS - 11 de abril  |h 863.5  |i P414a2  |p 10176.81  |t Ej.2 
859 |a CEMS  |b BIB. CEMS - 11 de abril  |h 863.5  |i P414a2  |p 10177.81  |t Ej.3